[Event "Rivera Huila Hernandez Memorial-B"]
[Site "Rivera Huila"]
[Date "2023.07.23"]
[Round "7"]
[White "Ceballos Castellanos, Isabela"]
[Black "Chaux, Oscar Orlando"]
[Result "1-0"]
[WhiteElo "1675"]
[BlackElo "1907"]
[PlyCount "53"]
[EventDate "2023.07.20"]
[EventType "swiss"]
[EventRounds "7"]
[EventCountry "COL"]
[SourceTitle "CBM 215 Extra"]
[Source "ChessBase"]
[SourceDate "2023.09.30"]
[SourceVersion "1"]
[SourceVersionDate "2023.09.30"]
[SourceQuality "1"]

1. e4 c5 2. c3 d5 3. exd5 Qxd5 4. d4 Nc6 5. Nf3 Bg4 6. Be2 e6 7. h3 Bh5 8. c4 Qd6 9. d5 Bxf3 10. Bxf3 Qe5+ 11. Be3 0-0-0 12. Nc3 Nd4 13. 0-0 Nf5 14. Re1 Bd6 15. g3 Qf6 16. Ne4 Qe7 17. Nxd6+ Qxd6 18. Bf4 Qa6 19. b4 cxb4 20. Rb1 g5 21. Bxg5 f6 22. Bd2 Nd4 23. Bg4 f5 24. Bxb4 fxg4 25. Qxd4 Nh6 26. Rxe6 Qxe6 27. Qc5+ 1-0

[Event "Rivera Huila Hernandez Memorial-B"]
[Site "Rivera Huila"]
[Date "2023.07.21"]
[Round "2"]
[White "Chaux, Oscar Orlando"]
[Black "Osorio Jaramillo, Christian Alonso"]
[Result "1/2-1/2"]
[WhiteElo "1907"]
[BlackElo "1578"]
[PlyCount "76"]
[EventDate "2023.07.20"]
[EventType "swiss"]
[EventRounds "7"]
[EventCountry "COL"]
[SourceTitle "CBM 215 Extra"]
[Source "ChessBase"]
[SourceDate "2023.09.30"]
[SourceVersion "1"]
[SourceVersionDate "2023.09.30"]
[SourceQuality "1"]

1. f4 d5 2. Nf3 Nf6 3. b3 e6 4. Bb2 Nbd7 5. e3 b6 6. Be2 Bd6 7. 0-0 Bb7 8. Na3 a6 9. c4 Qe7 10. Nc2 0-0 11. Qe1 dxc4 12. bxc4 e5 13. Nh4 exf4 14. Bf3 Bxf3 15. Rxf3 Ne5 16. Bxe5 Bxe5 17. d4 Bd6 18. exf4 g6 19. Re3 Qd7 20. g3 Rae8 21. Nf3 Ng4 22. Re2 Qc6 23. Nd2 Nf6 24. Qf1 Rxe2 25. Qxe2 Re8 26. Qd3 Ne4 27. Nf3 f5 28. Ne5 Qa4 29. Ne3 Bxe5 30. dxe5 Qb4 31. Qd7 Re7 32. Qd8+ Kf7 33. Nd5 Qc5+ 34. Kh1 Re8 35. Qd7+ Kf8 36. Nxc7 Re7 37. Ne6+ Rxe6 38. Qxe6 Qf2 1/2-1/2

[Event "Rivera Huila Hernandez Memorial-B"]
[Site "Rivera Huila"]
[Date "2023.07.20"]
[Round "1"]
[White "Jacome Revelo, Daniela Alexandra"]
[Black "Chaux, Oscar Orlando"]
[Result "0-1"]
[WhiteElo "1273"]
[BlackElo "1907"]
[PlyCount "59"]
[EventDate "2023.07.20"]
[EventType "swiss"]
[EventRounds "7"]
[EventCountry "COL"]
[SourceTitle "CBM 215 Extra"]
[Source "ChessBase"]
[SourceDate "2023.09.30"]
[SourceVersion "1"]
[SourceVersionDate "2023.09.30"]
[SourceQuality "1"]

1. e4 c5 2. Nf3 d6 3. Bb5+ Nd7 4. 0-0 a6 5. Bxd7+ Bxd7 6. c3 Nf6 7. Re1 e5 8. d4 Qc7 9. a4 Be7 10. dxe5 dxe5 11. Nbd2 Be6 12. Qe2 0-0 13. Nc4 Nd7 14. Ng5 Bxg5 15. Bxg5 f6 16. Be3 b5 17. axb5 axb5 18. Na3 b4 19. cxb4 cxb4 20. Rac1 Qb7 21. Nb5 Ra2 22. Nd6 Qb8 23. Rc6 Rd8 24. Ra6 b3 25. Rb6 Nxb6 26. Bxb6 Qxb6 27. Nc4 Qb5 28. Ne3 Qxe2 29. Rxe2 Ra1+ 30. Nf1 0-1

[Event "Medellin Luces op"]
[Site "Medellin"]
[Date "2021.12.20"]
[Round "7"]
[White "Iral Castro, Brahiam"]
[Black "Chaux, Oscar Orlando"]
[Result "1-0"]
[WhiteElo "1799"]
[BlackElo "1926"]
[PlyCount "27"]
[EventDate "2021.12.17"]
[EventType "swiss"]
[EventRounds "7"]
[EventCountry "COL"]
[SourceTitle "CBM 206 Extra"]
[Source "ChessBase"]
[SourceDate "2022.03.31"]
[SourceVersion "1"]
[SourceVersionDate "2022.03.31"]
[SourceQuality "1"]

1. c4 c5 2. d3 Nc6 3. Nf3 g6 4. Nc3 Nf6 5. e4 Bg7 6. Bg5 0-0 7. Qd2 d6 8. Be2 Bd7 9. h4 e6 10. g4 Re8 11. h5 gxh5 12. gxh5 Ne7 13. Bxf6 Bxf6 14. Rg1+ 1-0

[Event "Manizales Las Americas blitz op"]
[Site "Manizales"]
[Date "2021.10.23"]
[Round "9"]
[White "Rojas Mendoza, Joun Sun"]
[Black "Chaux, Oscar Orlando"]
[Result "0-1"]
[WhiteElo "1633"]
[BlackElo "1929"]
[PlyCount "58"]
[EventDate "2021.10.23"]
[EventType "swiss (blitz)"]
[EventRounds "11"]
[EventCountry "COL"]
[SourceTitle "CBM 205 Extra"]
[Source "ChessBase"]
[SourceDate "2022.01.31"]
[SourceVersion "1"]
[SourceVersionDate "2022.01.31"]
[SourceQuality "1"]

1. d4 Nf6 2. Bf4 g6 3. e3 Bg7 4. Be2 d5 5. Nf3 c5 6. c3 Nc6 7. 0-0 0-0 8. h3 b6 9. Nbd2 Bb7 10. Ne5 Rc8 11. a4 Ne4 12. f3 Nxd2 13. Qxd2 Nxe5 14. Bxe5 f6 15. Bh2 cxd4 16. exd4 e5 17. dxe5 fxe5 18. Bb5 a6 19. Bd3 Qh4 20. Bc2 Kh8 21. a5 b5 22. Rad1 d4 23. Rfe1 Bh6 24. Qe2 Be3+ 25. Kh1 Rce8 26. cxd4 exd4 27. Qd3 Rxf3 28. Rxe3 Rfxe3 29. Qf1 Rxh3 0-1

[Event "Manizales Las Americas blitz op"]
[Site "Manizales"]
[Date "2021.10.23"]
[Round "7"]
[White "Soto, Cristian Camilo"]
[Black "Chaux, Oscar Orlando"]
[Result "1-0"]
[WhiteElo "2191"]
[BlackElo "1929"]
[PlyCount "125"]
[EventDate "2021.10.23"]
[EventType "swiss (blitz)"]
[EventRounds "11"]
[EventCountry "COL"]
[SourceTitle "CBM 205 Extra"]
[Source "ChessBase"]
[SourceDate "2022.01.31"]
[SourceVersion "1"]
[SourceVersionDate "2022.01.31"]
[SourceQuality "1"]

1. c4 c5 2. Nc3 Nc6 3. g3 g6 4. Bg2 Bg7 5. e3 d6 6. Nge2 e6 7. 0-0 Nge7 8. d4 cxd4 9. Nxd4 a6 10. b3 0-0 11. Bb2 d5 12. cxd5 exd5 13. Nce2 Ne5 14. h3 Bd7 15. f4 N5c6 16. Nxc6 bxc6 17. Bxg7 Kxg7 18. e4 Qb6+ 19. Kh2 Rad8 20. e5 Nf5 21. Qd2 Ne3 22. Rfc1 Nxg2 23. Kxg2 c5 24. Qc3 Qb5 25. Ng1 Rc8 26. Qd2 Rfd8 27. Qe2 c4 28. bxc4 dxc4 29. Kh2 Be6 30. Rc3 Rd3 31. Rac1 Rcd8 32. Rxd3 cxd3 33. Qd2 Qd5 34. Rf1 Qxa2 35. Qxa2 Bxa2 36. Nf3 Bb3 37. Nd2 Bc2 38. Ra1 Ra8 39. Kg2 a5 40. Kf2 a4 41. Ra3 Rb8 42. Ke3 Rb2 43. g4 Rb4 44. Rc3 Rb5 45. h4 Ra5 46. Ra3 h5 47. gxh5 gxh5 48. Nc4 Rb5 49. Kd2 Rb1 50. Ne3 Rh1 51. Nxc2 Rh2+ 52. Kxd3 Rxh4 53. Rxa4 Rg4 54. Ne3 Rg3 55. Ke2 Kh6 56. Ra6+ Kh7 57. Rf6 h4 58. Rxf7+ Kg6 59. Rf6+ Kh7 60. Nf5 Rg2+ 61. Kf3 h3 62. Rh6+ Kg8 63. Rxh3 1-0

[Event "Manizales Las Americas blitz op"]
[Site "Manizales"]
[Date "2021.10.23"]
[Round "1"]
[White "Uribe Fajardo, Alquiber"]
[Black "Chaux, Oscar Orlando"]
[Result "0-1"]
[WhiteElo "1540"]
[BlackElo "1929"]
[PlyCount "38"]
[EventDate "2021.10.23"]
[EventType "swiss (blitz)"]
[EventRounds "11"]
[EventCountry "COL"]
[SourceTitle "CBM 205 Extra"]
[Source "ChessBase"]
[SourceDate "2022.01.31"]
[SourceVersion "1"]
[SourceVersionDate "2022.01.31"]
[SourceQuality "1"]

1. c4 c5 2. e3 Nc6 3. d4 cxd4 4. exd4 d5 5. cxd5 Qxd5 6. Nf3 Bg4 7. Be2 e6 8. Nc3 Bb4 9. a3 Bxc3+ 10. bxc3 Nf6 11. 0-0 0-0 12. Re1 Rac8 13. Rb1 b6 14. Bg5 Bxf3 15. Bxf6 Bxe2 16. Qxe2 gxf6 17. Qg4+ Kh8 18. Re3 Rg8 19. Qh4 Qxg2# 0-1

[Event "Manizales Las Americas op-B"]
[Site "Manizales"]
[Date "2021.10.17"]
[Round "7"]
[White "Chaux, Oscar Orlando"]
[Black "Juarez Garcia, Daniela"]
[Result "1/2-1/2"]
[WhiteElo "1977"]
[BlackElo "1421"]
[PlyCount "32"]
[EventDate "2021.10.14"]
[EventType "swiss"]
[EventRounds "9"]
[EventCountry "COL"]
[SourceTitle "EXT 2023"]
[Source "ChessBase"]
[SourceDate "2022.10.05"]
[SourceVersion "1"]
[SourceVersionDate "2022.10.05"]
[SourceQuality "1"]

1. e4 e5 2. Nf3 Nc6 3. Bb5 a6 4. Ba4 b5 5. Bb3 Bc5 6. c3 d6 7. d4 exd4 8. cxd4 Bb6 9. h3 h6 10. 0-0 Nf6 11. a4 Bb7 12. Re1 0-0 13. Bf4 Re8 14. e5 dxe5 15. dxe5 Qxd1 16. Bxd1 Nd5 1/2-1/2

[Event "Caqueta Florencia op 5th"]
[Site "Florencia"]
[Date "2018.12.03"]
[Round "5"]
[White "Rios Parra, Alejandro"]
[Black "Chaux, Oscar Orlando"]
[Result "1/2-1/2"]
[WhiteElo "2282"]
[BlackElo "1980"]
[PlyCount "73"]
[EventDate "2018.11.30"]
[EventType "swiss"]
[EventRounds "7"]
[EventCountry "COL"]
[SourceTitle "EXT 2020"]
[Source "ChessBase"]
[SourceDate "2019.10.17"]
[SourceVersion "1"]
[SourceVersionDate "2019.10.17"]
[SourceQuality "1"]

1. e4 c5 2. Nf3 d6 3. d4 cxd4 4. Nxd4 Nf6 5. Nc3 a6 6. Bg5 e6 7. Qe2 h6 8. Bh4 g5 9. Bg3 Nbd7 10. 0-0-0 Qc7 11. Kb1 Ne5 12. h4 Rg8 13. hxg5 hxg5 14. Nf3 b5 15. Nxe5 dxe5 16. Qf3 Be7 17. Rh6 g4 18. Qe3 Nd7 19. Bh4 Bxh4 20. Rxh4 Bb7 21. Bxb5 axb5 22. Nxb5 Qc6 23. Nd6+ Ke7 24. Rh7 Raf8 25. Qa3 Qc5 26. Qg3 Bc6 27. Qh4+ Nf6 28. Rh6 Rg6 29. Rxg6 fxg6 30. Qh6 Be8 31. Nxe8 Nxe8 32. Qxg6 Rxf2 33. Qh7+ Kf8 34. Qh8+ Ke7 35. Qh7+ Kf8 36. Qh6+ Ke7 37. Qh7+ 1/2-1/2

[Event "Caqueta Florencia op 5th"]
[Site "Florencia"]
[Date "2018.12.02"]
[Round "3"]
[White "Herrera Nopan, Fabian"]
[Black "Chaux, Oscar Orlando"]
[Result "0-1"]
[WhiteElo "1619"]
[BlackElo "1980"]
[PlyCount "60"]
[EventDate "2018.11.30"]
[EventType "swiss"]
[EventRounds "7"]
[EventCountry "COL"]
[SourceTitle "EXT 2020"]
[Source "ChessBase"]
[SourceDate "2019.10.17"]
[SourceVersion "1"]
[SourceVersionDate "2019.10.17"]
[SourceQuality "1"]

1. d4 Nf6 2. c4 g6 3. Nf3 Bg7 4. Nc3 d5 5. cxd5 Nxd5 6. e4 Nxc3 7. bxc3 c5 8. Bc4 0-0 9. 0-0 Nc6 10. Bb2 Bg4 11. Be2 Bxf3 12. Bxf3 cxd4 13. cxd4 Nxd4 14. Bxd4 Bxd4 15. Rb1 Rb8 16. Qa4 e5 17. Bg4 Qg5 18. h3 Qf4 19. Bf3 Rfd8 20. Rfc1 Bb6 21. Rd1 Rd2 22. Rxd2 Qxd2 23. Rf1 Rd8 24. Qb3 Kg7 25. a4 Qf4 26. g3 Qxg3+ 27. Kh1 Qxh3+ 28. Kg1 Qg3+ 29. Kh1 Bxf2 30. Rxf2 Qxf2 0-1

[Event "COL-ch"]
[Site "Bogota"]
[Date "2018.11.09"]
[Round "6"]
[White "Chaux, Oscar Orlando"]
[Black "Gutierrez, Ramon"]
[Result "1-0"]
[WhiteElo "1927"]
[BlackElo "2126"]
[PlyCount "71"]
[EventDate "2018.11.06"]
[EventType "swiss"]
[EventRounds "9"]
[EventCountry "COL"]
[SourceTitle "CBM 187 Extra"]
[Source "ChessBase"]
[SourceDate "2018.11.04"]
[SourceVersion "1"]
[SourceVersionDate "2018.11.04"]
[SourceQuality "1"]

1. c4 e5 2. Nc3 Nc6 3. Nf3 Nf6 4. d3 Bc5 5. g3 d6 6. h3 0-0 7. Bg2 a6 8. 0-0 h6 9. a3 Bd7 10. b4 Ba7 11. Rb1 Qc8 12. Kh2 Ne7 13. e3 Ng6 14. Qe2 Re8 15. Nd2 Bc6 16. e4 Nh7 17. b5 axb5 18. cxb5 Bd7 19. Nc4 Bd4 20. Nd5 b6 21. Be3 Bc5 22. Bxc5 dxc5 23. Ndxb6 cxb6 24. Nxb6 Qb7 25. Nxa8 Rxa8 26. Qb2 Qb6 27. Rfc1 Nhf8 28. h4 Ne6 29. Rc4 Nd4 30. Qc3 Nxb5 31. Qb2 Qd6 32. a4 Nc7 33. Qc3 Na6 34. a5 Nb4 35. Rxc5 Nxd3 36. Rd5 1-0

[Event "COL-ch"]
[Site "Bogota"]
[Date "2018.11.07"]
[Round "3"]
[White "Chaux, Oscar Orlando"]
[Black "Gomez Leon, Nicolas"]
[Result "1-0"]
[WhiteElo "1927"]
[BlackElo "1306"]
[PlyCount "29"]
[EventDate "2018.11.06"]
[EventType "swiss"]
[EventRounds "9"]
[EventCountry "COL"]
[SourceTitle "CBM 187 Extra"]
[Source "ChessBase"]
[SourceDate "2018.11.04"]
[SourceVersion "1"]
[SourceVersionDate "2018.11.04"]
[SourceQuality "1"]

1. e4 e5 2. Nf3 Nf6 3. Nxe5 Qe7 4. d4 d6 5. Nf3 Nxe4 6. Be2 d5 7. 0-0 Nc6 8. h3 Bf5 9. Bb5 Qb4 10. Bxc6+ bxc6 11. c3 Qb5 12. Re1 Bd6 13. Nh4 g6 14. Nxf5 gxf5 15. f3 1-0

[Event "COL-ch"]
[Site "Bogota"]
[Date "2018.11.06"]
[Round "1"]
[White "Chaux, Oscar Orlando"]
[Black "Paladines Pinzon, Samuel"]
[Result "1-0"]
[WhiteElo "1927"]
[BlackElo "1118"]
[PlyCount "43"]
[EventDate "2018.11.06"]
[EventType "swiss"]
[EventRounds "9"]
[EventCountry "COL"]
[SourceTitle "CBM 187 Extra"]
[Source "ChessBase"]
[SourceDate "2018.11.04"]
[SourceVersion "1"]
[SourceVersionDate "2018.11.04"]
[SourceQuality "1"]

1. e4 g6 2. d4 Bg7 3. Nf3 c5 4. Be2 cxd4 5. Nxd4 Nc6 6. Nb3 Nf6 7. Nc3 d6 8. Be3 Be6 9. f4 Qd7 10. h3 h5 11. Qd2 h4 12. 0-0-0 0-0-0 13. Bf3 Kb8 14. Nd5 Nh5 15. Rhe1 f5 16. exf5 Bxf5 17. Na5 Nxa5 18. Qxa5 b6 19. Bxb6 axb6 20. Nxb6 Qa7 21. Qb5 Qc7 22. Na8+ 1-0

[Event "Medellin Raza op 8th"]
[Site "Medellin"]
[Date "2018.10.05"]
[Round "2"]
[White "Becerra, Juan David"]
[Black "Chaux, Oscar Orlando"]
[Result "1-0"]
[WhiteElo "2261"]
[BlackElo "1809"]
[PlyCount "71"]
[EventDate "2018.10.04"]
[EventType "swiss"]
[EventRounds "7"]
[EventCountry "COL"]
[SourceTitle "CBM 186 Extra"]
[Source "ChessBase"]
[SourceDate "2018.08.24"]
[SourceVersion "1"]
[SourceVersionDate "2018.08.24"]
[SourceQuality "1"]

1. e4 c5 2. Nc3 Nc6 3. f4 g6 4. Nf3 Bg7 5. Bc4 Na5 6. Be2 Nc6 7. 0-0 d6 8. Bc4 e6 9. d3 Nge7 10. Qe1 Na5 11. Bb5+ Bd7 12. f5 gxf5 13. exf5 Nxf5 14. Bg5 Qc8 15. Bxd7+ Qxd7 16. Ne4 Nc6 17. Bf6 0-0 18. Nh4 Ne5 19. Nxf5 exf5 20. Qg3 Ng6 21. Bxg7 Kxg7 22. Nxd6 f4 23. Rxf4 Rad8 24. Nf5+ Kh8 25. Raf1 f6 26. Re4 Rg8 27. Qe3 b6 28. Ne7 Rg7 29. Nf5 Rf7 30. Re6 Qd5 31. c4 Qxd3 32. Re8+ Nf8 33. Qxd3 Rxd3 34. Rfe1 Rdd7 35. Ra8 h5 36. Ree8 1-0

[Event "Medellin Raza op 8th"]
[Site "Medellin"]
[Date "2018.10.05"]
[Round "3"]
[White "Chaux, Oscar Orlando"]
[Black "Chirivi Castiblanco, Angie Lizeth"]
[Result "0-1"]
[WhiteElo "1809"]
[BlackElo "2085"]
[PlyCount "68"]
[EventDate "2018.10.04"]
[EventType "swiss"]
[EventRounds "7"]
[EventCountry "COL"]
[SourceTitle "CBM 186 Extra"]
[Source "ChessBase"]
[SourceDate "2018.08.24"]
[SourceVersion "1"]
[SourceVersionDate "2018.08.24"]
[SourceQuality "1"]

1. e4 e5 2. Nf3 Nc6 3. Bb5 a6 4. Ba4 Nf6 5. d3 d6 6. c3 Be7 7. h3 0-0 8. 0-0 b5 9. Bc2 Bb7 10. Re1 Nb8 11. a4 c5 12. d4 Qc7 13. d5 c4 14. Nbd2 Nbd7 15. Nf1 Nc5 16. g4 bxa4 17. Ng3 Rfb8 18. Qe2 a5 19. Bxa4 Nxa4 20. Rxa4 Ba6 21. g5 Nd7 22. Be3 Nc5 23. Bxc5 Qxc5 24. Nf5 Bf8 25. Rea1 Bc8 26. Ne3 Bxh3 27. Nxc4 Bg4 28. R1a2 Rb5 29. Kg2 Be7 30. Rxa5 Raxa5 31. Rxa5 Rxa5 32. b4 Bxf3+ 33. Kxf3 Qc8 34. Kg3 Ra1 0-1

[Event "Florencia op"]
[Site "Florencia"]
[Date "2015.12.06"]
[Round "3"]
[White "Cadena Montoya, Gustavo Adolfo"]
[Black "Chaux, Oscar Orlando"]
[Result "1-0"]
[WhiteElo "2180"]
[BlackElo "1716"]
[PlyCount "54"]
[EventDate "2015.12.04"]
[EventType "swiss"]
[EventRounds "7"]
[EventCountry "COL"]
[SourceTitle "CBM 169 Extra"]
[Source "ChessBase"]
[SourceDate "2015.12.18"]
[SourceVersion "1"]
[SourceVersionDate "2015.12.18"]
[SourceQuality "1"]

1. d4 Nf6 2. c4 d6 3. Nc3 Nbd7 4. g3 e5 5. Bg2 Be7 6. e4 0-0 7. d5 c6 8. Nge2 a6 9. 0-0 cxd5 10. cxd5 b5 11. h3 Re8 12. g4 Nb6 13. Ng3 Bf8 14. Nce2 g6 15. b3 Nfd7 16. Be3 Bb7 17. Qd2 Rc8 18. Rac1 Qe7 19. Qa5 Na8 20. a4 bxa4 21. bxa4 Rxc1 22. Rxc1 Rc8 23. Rb1 Nc5 24. Qb4 Rc7 25. a5 Qd8 26. Nc1 Be7 27. Bf1 Bc8 1-0